[Event "Nova Gorica op-B 26th"]
[Site "Nova Gorica"]
[Date "2022.09.19"]
[Round "4"]
[White "Fucka, Samo"]
[Black "Saccone, Giovanni"]
[Result "1-0"]
[WhiteElo "1350"]
[BlackElo "1448"]
[PlyCount "67"]
[EventDate "2022.09.16"]
[EventType "swiss"]
[EventRounds "7"]
[EventCountry "SLO"]
[SourceTitle "EXT 2023"]
[Source "ChessBase"]
[SourceDate "2022.10.05"]
[SourceVersion "1"]
[SourceVersionDate "2022.10.05"]
[SourceQuality "1"]

1. d4 d5 2. c4 c6 3. Nf3 Bf5 4. Nc3 e6 5. Qb3 Qc7 6. g3 Nf6 7. Bf4 Qb6 8. c5 Qxb3 9. axb3 Na6 10. Bg2 Nb4 11. 0-0 Be7 12. Ra4 Na6 13. Ne5 Nd7 14. e4 Nxe5 15. exf5 Nd3 16. fxe6 fxe6 17. Be3 Nxb2 18. Ra2 Nd3 19. Rd2 Ndb4 20. Bf4 0-0 21. Re1 Bf6 22. Bh3 Rfe8 23. Bxe6+ Kh8 24. Ree2 Re7 25. Bd6 Ree8 26. Na4 Nb8 27. f4 N8a6 28. g4 Be7 29. Be5 Bf6 30. f5 Bxe5 31. dxe5 Rad8 32. Bf7 Re7 33. e6 d4 34. g5 1-0

[Event "Nova Gorica op-A 20th"]
[Site "Nova Gorica"]
[Date "2015.01.31"]
[Round "3"]
[White "Saccone, Giovanni"]
[Black "Rozman, Monika"]
[Result "0-1"]
[WhiteElo "1551"]
[BlackElo "1838"]
[PlyCount "118"]
[EventDate "2015.01.30"]
[EventType "swiss"]
[EventRounds "9"]
[EventCountry "SLO"]
[SourceTitle "CBM 164 Extra"]
[Source "ChessBase"]
[SourceDate "2015.03.02"]
[SourceVersion "1"]
[SourceVersionDate "2015.03.02"]
[SourceQuality "1"]

1. Nc3 c5 2. Nf3 Nc6 3. d4 cxd4 4. Nxd4 Nf6 5. Bg5 Qb6 6. Nb3 e6 7. Bxf6 gxf6 8. Qd2 d5 9. Qf4 Be7 10. 0-0-0 Bd7 11. Qg3 0-0-0 12. e3 Ne5 13. Qf4 Rhg8 14. Be2 Rxg2 15. Rdg1 Rdg8 16. Rxg2 Rxg2 17. h3 Qb4 18. Bf1 Rg6 19. Qxb4 Bxb4 20. f4 Nc4 21. Bxc4 dxc4 22. Nd2 Bc6 23. Re1 Bxc3 24. bxc3 b5 25. e4 Rg3 26. e5 Rxc3 27. exf6 Rxh3 28. Rxe6 c3 29. Kd1 Bd7 30. Re7 Bg4+ 31. Ke1 cxd2+ 32. Kxd2 Rh2+ 33. Kc3 Bh5 34. Rxa7 Rf2 35. Kb4 Rxf4+ 36. Kxb5 Rxf6 37. a4 Bf3 38. Re7 Bc6+ 39. Kb4 Rf4+ 40. c4 Bd5 41. a5 Rxc4+ 42. Kb5 Rc7 43. Re8+ Kb7 44. Re5 Bc4+ 45. Kb4 Bd3 46. Rd5 Be4 47. Rd6 f5 48. Rb6+ Ka7 49. Rf6 h5 50. Kb5 Bd3+ 51. Kb4 Rh7 52. Rd6 Be4 53. Kb5 h4 54. Ra6+ Kb8 55. Rf6 h3 56. Kb6 Rh8 57. a6 h2 58. Kc5 h1Q 59. Rb6+ Ka7 0-1

[Event "Nova Gorica op-A 19th"]
[Site "Nova Gorica"]
[Date "2014.02.05"]
[Round "8"]
[White "Saccone, Giovanni"]
[Black "Muradore, Aldo"]
[Result "1-0"]
[WhiteElo "1601"]
[BlackElo "1543"]
[PlyCount "45"]
[EventDate "2014.01.31"]
[EventType "swiss"]
[EventRounds "9"]
[EventCountry "SLO"]
[SourceTitle "CBM 158 Extra"]
[Source "ChessBase"]
[SourceDate "2014.02.28"]
[SourceVersion "1"]
[SourceVersionDate "2014.02.28"]
[SourceQuality "1"]

1. e4 c5 2. f4 Qc7 3. e5 e6 4. Nf3 Nc6 5. Nc3 a6 6. d4 cxd4 7. Nxd4 Nxd4 8. Qxd4 b5 9. Be3 Ne7 10. Bd3 Bb7 11. Be4 Rc8 12. 0-0 Bxe4 13. Nxe4 Nf5 14. Qd3 d5 15. Ng3 Nxe3 16. Rf3 Bc5 17. Kh1 Nc4 18. b3 Nb6 19. Nh5 0-0 20. Rg3 g6 21. Nf6+ Kh8 22. Rh3 h5 23. Rxh5+ 1-0

[Event "Nova Gorica op-A 19th"]
[Site "Nova Gorica"]
[Date "2014.02.03"]
[Round "6"]
[White "Laco, Igor"]
[Black "Saccone, Giovanni"]
[Result "1-0"]
[WhiteElo "1611"]
[BlackElo "1601"]
[PlyCount "68"]
[EventDate "2014.01.31"]
[EventType "swiss"]
[EventRounds "9"]
[EventCountry "SLO"]
[SourceTitle "CBM 158 Extra"]
[Source "ChessBase"]
[SourceDate "2014.02.28"]
[SourceVersion "1"]
[SourceVersionDate "2014.02.28"]
[SourceQuality "1"]

1. e4 c5 2. c3 e6 3. e5 Nc6 4. Nf3 d5 5. exd6 Bxd6 6. d4 cxd4 7. Nxd4 Bc5 8. Bb5 Nge7 9. 0-0 0-0 10. Nxc6 bxc6 11. Bc4 Bb7 12. Qe2 Ng6 13. Be3 Bb6 14. Nd2 Qh4 15. Nf3 Qh5 16. Rad1 Rfd8 17. Rxd8+ Rxd8 18. Bxb6 axb6 19. Rd1 Rxd1+ 20. Qxd1 c5 21. Be2 Qd5 22. Qxd5 exd5 23. g3 f6 24. Kf1 Kf7 25. Ke1 Ke6 26. Kd2 d4 27. cxd4 Bxf3 28. Bxf3 cxd4 29. a4 Ne5 30. Be2 Kd5 31. b4 Nc4+ 32. Bxc4+ Kxc4 33. a5 bxa5 34. bxa5 d3 1-0

[Event "Nova Gorica op-A 19th"]
[Site "Nova Gorica"]
[Date "2014.02.01"]
[Round "3"]
[White "Saccone, Giovanni"]
[Black "Pridigar, Lovro"]
[Result "0-1"]
[WhiteElo "1601"]
[BlackElo "1655"]
[PlyCount "58"]
[EventDate "2014.01.31"]
[EventType "swiss"]
[EventRounds "9"]
[EventCountry "SLO"]
[SourceTitle "CBM 158 Extra"]
[Source "ChessBase"]
[SourceDate "2014.02.28"]
[SourceVersion "1"]
[SourceVersionDate "2014.02.28"]
[SourceQuality "1"]

1. Nf3 c5 2. b3 d6 3. Bb2 Nd7 4. e4 Ngf6 5. d3 e6 6. Nbd2 Be7 7. Nc4 b5 8. Ne3 0-0 9. Be2 a6 10. Qd2 Bb7 11. 0-0 Qc7 12. Rfe1 Rfc8 13. Nf1 c4 14. bxc4 bxc4 15. Qg5 h6 16. Qg3 c3 17. Bc1 Kh8 18. Qh4 Nf8 19. Bxh6 gxh6 20. Qxh6+ N8h7 21. Ng3 Rg8 22. Nd4 Rg6 23. Nxe6 Rxh6 24. Nxc7 Rg8 25. Nf5 Rhg6 26. Nxe7 Rxg2+ 27. Kh1 R8g5 28. f4 Nxe4 29. fxg5 Nf2# 0-1